| Tag |
First Indicator |
Second Indicator |
Subfields |
| LEADER |
00000cam a2200000 4500 |
| 001 |
in00000046227 |
| 005 |
20151007071247.0 |
| 008 |
730119s1958 enka 00000 eng u |
| 010 |
|
|
|a 58001162
|
| 035 |
|
|
|a (OCoLC)00543195
|
| 035 |
|
|
|9 AAE5628AM
|
| 040 |
|
|
|c WSU
|d TXA
|d UtOrBLW
|
| 049 |
|
|
|a TXAM
|c [424857]
|
| 050 |
|
0 |
|a QD476
|b .B29
|
| 090 |
|
|
|a QD476
|b .B34
|
| 100 |
1 |
|
|a Baker, John William.
|
| 245 |
1 |
0 |
|a Electronic theories of organic chemistry ;
|b an introductory treatment.
|
| 264 |
|
1 |
|a Oxford :
|b Clarendon Press,
|c 1958.
|
| 300 |
|
|
|a 224 pages :
|b illustrations ;
|c 22 cm.
|
| 336 |
|
|
|a text
|b txt
|2 rdacontent
|
| 337 |
|
|
|a unmediated
|b n
|2 rdamedia
|
| 338 |
|
|
|a volume
|b nc
|2 rdacarrier
|
| 650 |
|
0 |
|a Physical organic chemistry.
|
| 949 |
|
|
|a updated
|b h
|c 2000/2/2
|e rrojas
|f 9:31:57 am
|
| 999 |
|
|
|a MARS
|
| 999 |
f |
f |
|s 1672d08b-ef81-3962-a19a-51f88848e57f
|i d4fcac3d-43e2-37f9-b78f-dcf768160813
|t 0
|
| 952 |
f |
f |
|p ric
|a Texas A&M University
|b Rellis Campus
|c Joint Library Facility
|d Remote Storage
|t 0
|e QD476 .B34
|h Library of Congress classification
|i unmediated -- volume
|m A14800942487
|
| 998 |
f |
f |
|a QD476 .B34
|t 0
|l Remote Storage
|